[Event "FRA-ch op-A"]
[Site "Albi"]
[Date "2022.08.18"]
[Round "6"]
[White "Zounani, Yacine"]
[Black "Lam, Sophie"]
[Result "1/2-1/2"]
[WhiteElo "2125"]
[BlackElo "2055"]
[PlyCount "87"]
[EventDate "2022.08.13"]
[EventType "swiss"]
[EventRounds "9"]
[EventCountry "FRA"]
[SourceTitle "CBM 210 Extra"]
[Source "ChessBase"]
[SourceDate "2022.11.30"]
[SourceVersion "1"]
[SourceVersionDate "2022.11.30"]
[SourceQuality "1"]

1. d4 Nf6 2. c4 g6 3. g3 Bg7 4. Bg2 0-0 5. Nc3 d6 6. Nf3 Nbd7 7. 0-0 Re8 8. e4 e5 9. d5 Nc5 10. Ne1 a5 11. b3 Bd7 12. f3 Rf8 13. Rb1 Ne8 14. a3 a4 15. b4 Nb3 16. Be3 f5 17. Nc2 f4 18. Bf2 fxg3 19. hxg3 Nf6 20. Na1 Nd4 21. Ne2 Nxe2+ 22. Qxe2 Nh5 23. Nc2 Qg5 24. Qe3 Qe7 25. Ne1 g5 26. Nd3 Rf7 27. Rfc1 Raf8 28. c5 g4 29. fxg4 Bxg4 30. Rc2 Qf6 31. cxd6 cxd6 32. Ne1 Qg6 33. Qd3 Nf6 34. b5 Qh5 35. b6 Bh3 36. Bf3 Qg6 37. Rc7 Ng4 38. Rxf7 Rxf7 39. Bxg4 Bxg4 40. Rb2 Qh5 41. Rc2 Bh6 42. Qb5 Bd7 43. Qd3 Bg4 44. Qb5 1/2-1/2

[Event "FRA-ch op-A"]
[Site "Albi"]
[Date "2022.08.14"]
[Round "2"]
[White "Saya, Ethan"]
[Black "Lam, Sophie"]
[Result "1-0"]
[WhiteElo "2146"]
[BlackElo "2055"]
[PlyCount "81"]
[EventDate "2022.08.13"]
[EventType "swiss"]
[EventRounds "9"]
[EventCountry "FRA"]
[SourceTitle "CBM 210 Extra"]
[Source "ChessBase"]
[SourceDate "2022.11.30"]
[SourceVersion "1"]
[SourceVersionDate "2022.11.30"]
[SourceQuality "1"]

1. e4 c5 2. Nf3 Nc6 3. d4 cxd4 4. Nxd4 g6 5. c4 Bg7 6. Be3 Nf6 7. Nc3 0-0 8. Be2 d6 9. 0-0 Bd7 10. Nc2 a5 11. f3 a4 12. Qd2 Qa5 13. Rac1 Rfc8 14. Rfd1 Be6 15. Nd5 Bxd5 16. cxd5 Qxd2 17. Bxd2 Ne5 18. Ne3 Ned7 19. Bb5 Nc5 20. Bb4 Bh6 21. Re1 Nfd7 22. Kf2 Ne5 23. Ke2 Na6 24. Bd2 Nc7 25. Bd3 Nxd3 26. Kxd3 Bxe3 27. Bxe3 Na6 28. a3 Kf8 29. Bb6 Ke8 30. h4 h5 31. g4 hxg4 32. fxg4 Kd7 33. Rxc8 Rxc8 34. h5 Ke8 35. Bd4 gxh5 36. gxh5 f6 37. h6 Kf7 38. Rh1 Kg8 39. Rg1+ Kh8 40. Rg7 Re8 41. Rxe7 1-0

[Event "Trophee Roza Lallemand Online"]
[Site "Tornelo INT"]
[Date "2020.12.13"]
[Round "9"]
[White "Lam, Sophie"]
[Black "Maisuradze, Nino"]
[Result "1-0"]
[WhiteElo "2052"]
[BlackElo "2214"]
[PlyCount "97"]
[EventDate "2020.12.13"]
[EventType "swiss (rapid)"]
[EventRounds "9"]
[EventCountry "USA"]
[SourceTitle "EXT 2022"]
[Source "ChessBase"]
[SourceDate "2021.10.06"]
[SourceVersion "1"]
[SourceVersionDate "2021.10.06"]
[SourceQuality "1"]

1. e4 c5 2. Nf3 Nc6 3. d4 cxd4 4. Nxd4 e5 5. Nb5 d6 6. N1c3 a6 7. Na3 b5 8. Nd5 Nge7 9. c3 Nxd5 10. Qxd5 Bb7 11. Qd1 Be7 12. Be2 0-0 13. 0-0 Na5 14. Bf3 Nc4 15. Nxc4 bxc4 16. Qe2 Qc7 17. Be3 f5 18. exf5 d5 19. Rad1 Rad8 20. Rd2 Rxf5 21. Rfd1 Rxf3 22. Qxf3 d4 23. Qf5 Bc8 24. Qf3 Bb7 25. Qf5 Bc8 26. Qf3 d3 27. Qg3 Bd6 28. Re1 Rf8 29. Qh4 Be7 30. Qe4 Bb7 31. Qg4 Rf6 32. f3 Bxf3 33. Qh3 Bd5 34. Rf2 Rxf2 35. Kxf2 Qb7 36. Kg1 h6 37. Qg3 Bf6 38. Bxh6 Qxb2 39. Be3 Qxc3 40. Rb1 d2 41. Rd1 Bf7 42. Rxd2 Qa1+ 43. Kf2 c3 44. Re2 Qd1 45. Qg4 g6 46. Qc8+ Kg7 47. Qxc3 e4 48. Qd2 Qh1 49. Bd4 1-0

[Event "Mulhouse (Women)"]
[Site "Mulhouse"]
[Date "2012.07.08"]
[Round "9"]
[White "Lam, Sophie"]
[Black "Frey, Alisa"]
[Result "1-0"]
[WhiteElo "2055"]
[BlackElo "2033"]
[PlyCount "95"]
[EventDate "2012.07.02"]
[EventType "tourn"]
[EventRounds "9"]
[EventCountry "FRA"]
[SourceTitle "CBM 149 Extra"]
[Source "ChessBase"]
[SourceDate "2012.08.24"]
[SourceVersion "1"]
[SourceVersionDate "2012.08.24"]
[SourceQuality "1"]

1. e4 e5 2. Nf3 Nc6 3. Bb5 a6 4. Ba4 Nf6 5. 0-0 Be7 6. Re1 b5 7. Bb3 d6 8. h3 0-0 9. c3 Na5 10. Bc2 d5 11. Nxe5 dxe4 12. d4 c5 13. dxc5 Qc7 14. Ng4 Rd8 15. Nxf6+ Bxf6 16. Qe2 Bb7 17. Nd2 Re8 18. Nf1 Nc4 19. Ne3 Qxc5 20. a4 Ne5 21. Ng4 Re6 22. Nxf6+ Rxf6 23. Bxe4 Bxe4 24. Qxe4 Qxf2+ 25. Kh1 Re8 26. axb5 axb5 27. Be3 Qg3 28. Bd4 Rfe6 29. Bxe5 Qf2 30. Qe3 Qxe3 31. Rxe3 f6 32. Bd4 Rxe3 33. Bxe3 Rxe3 34. Ra5 Re5 35. Kh2 h5 36. b3 Kf7 37. c4 bxc4 38. Rxe5 fxe5 39. bxc4 h4 40. g4 hxg3+ 41. Kxg3 Ke6 42. Kf3 Kd6 43. Ke4 Kc5 44. h4 Kxc4 45. h5 Kc3 46. Kxe5 Kd3 47. Kf5 Ke3 48. Kg6 1-0

[Event "Lallemand Memorial"]
[Site "Chalons en Champagne"]
[Date "2011.05.21"]
[Round "3"]
[White "Rigolot, Lucie"]
[Black "Lam, Sophie"]
[Result "0-1"]
[WhiteElo "1970"]
[BlackElo "2071"]
[PlyCount "78"]
[EventDate "2011.05.21"]
[EventType "swiss (rapid)"]
[EventRounds "9"]
[EventCountry "FRA"]
[SourceTitle "CBM 142 Extra"]
[Source "ChessBase"]
[SourceDate "2011.06.27"]
[SourceVersion "1"]
[SourceVersionDate "2011.06.27"]
[SourceQuality "1"]

1. e4 c5 2. Nf3 Nc6 3. d4 cxd4 4. Nxd4 g6 5. c4 Bg7 6. Be3 d6 7. Nc3 Nh6 8. Be2 0-0 9. 0-0 f5 10. exf5 Nxf5 11. Nxf5 gxf5 12. Qd2 Ne5 13. Rad1 Ng6 14. c5 f4 15. Bc4+ Kh8 16. Bxf4 Nxf4 17. cxd6 exd6 18. Ne4 d5 19. b3 Be6 20. Qe3 Qb6 21. Bxd5 Qxe3 22. fxe3 Nxd5 23. Rxf8+ Rxf8 24. Nc5 Nxe3 25. Nxe6 Nxd1 26. Nxf8 Bxf8 27. Kf1 Ba3 28. Ke2 Nc3+ 29. Kd3 Nxa2 30. Kc4 Kg7 31. g4 Kf6 32. h4 Ke5 33. g5 Be7 34. Kd3 b5 35. Ke3 a5 36. Kd3 Nb4+ 37. Kc3 Nd5+ 38. Kd3 Nf4+ 39. Ke3 Ng2+ 0-1

[Event "FRA-ch rap (Women)"]
[Site "Rennes"]
[Date "2009.??.??"]
[Round "?"]
[White "Lam, Sophie"]
[Black "Wohlers Armas, Friederike"]
[Result "1-0"]
[WhiteElo "2070"]
[BlackElo "2060"]
[PlyCount "55"]
[EventDate "2009.06.??"]
[EventType "swiss (rapid)"]
[EventRounds "7"]
[EventCountry "FRA"]
[SourceTitle "EXT 2010"]
[Source "ChessBase"]
[SourceDate "2010.11.25"]
[SourceVersion "1"]
[SourceVersionDate "2010.11.25"]
[SourceQuality "1"]

1. e4 g6 2. d4 Bg7 3. c3 b6 4. f4 Bb7 5. Bd3 f5 6. Qc2 fxe4 7. Bxe4 Bxe4 8. Qxe4 Nc6 9. Nf3 Nf6 10. Qc2 e6 11. Ne5 Nxe5 12. fxe5 Nd5 13. 0-0 Qh4 14. Qe2 Rf8 15. a4 Rxf1+ 16. Qxf1 Ke7 17. Nd2 Ne3 18. Nf3 Qe4 19. Qe2 Bh6 20. Bd2 Qc2 21. Re1 Qxa4 22. Bxe3 Bxe3+ 23. Qxe3 Rf8 24. Qh6 Qc2 25. Qxh7+ Rf7 26. Qh4+ Ke8 27. Ng5 Rf8 28. Ne4 1-0

[Event "Issy les Moulineaux tt"]
[Site "Issy les Moulineaux"]
[Date "2008.10.19"]
[Round "1.4"]
[White "Gautier, Serge"]
[Black "Lam, Sophie"]
[Result "1/2-1/2"]
[WhiteElo "2120"]
[BlackElo "2062"]
[PlyCount "124"]
[EventDate "2008.10.19"]
[EventType "team-tourn"]
[EventRounds "7"]
[EventCountry "FRA"]
[SourceTitle "EXT 2010"]
[Source "ChessBase"]
[SourceDate "2010.11.25"]
[SourceVersion "1"]
[SourceVersionDate "2010.11.25"]
[SourceQuality "1"]
[WhiteTeam "Canal Saint Martin"]
[BlackTeam "Limeil"]
[WhiteTeamCountry "FRA"]
[BlackTeamCountry "FRA"]

1. e4 c5 2. Nf3 Nc6 3. d4 cxd4 4. Nxd4 g6 5. c4 Bg7 6. Nc2 d6 7. Be2 Nh6 8. 0-0 0-0 9. Nc3 f5 10. Kh1 Kh8 11. f3 f4 12. Nd5 g5 13. Rb1 Rg8 14. Qe1 e5 15. b3 g4 16. fxg4 Bxg4 17. Bf3 Bf8 18. Bb2 Bg7 19. Rd1 Qg5 20. Qf2 Rac8 21. Ba3 Bf8 22. Rd2 b6 23. Nc3 Nf7 24. Nb5 Rg6 25. Rfd1 Rd8 26. Nb4 Nxb4 27. Bxb4 Rd7 28. a4 Rh6 29. g3 Bxf3+ 30. Qxf3 Qxg3 31. Qxg3 fxg3 32. Rg1 Rxh2+ 33. Rxh2 gxh2 34. Kxh2 Be7 35. Rd1 Kg7 36. c5 bxc5 37. Bxc5 a6 38. Nc3 Rb7 39. Be3 Rxb3 40. Nd5 Bg5 41. Bb6 Ra3 42. a5 Ra2+ 43. Kg3 Bd2 44. Kg4 h6 45. Kf5 Bxa5 46. Be3 Bd8 47. Rg1+ Bg5 48. Ke6 Re2 49. Rg3 a5 50. Rf3 Bf4 51. Nxf4 Ng5+ 52. Kxd6 exf4 53. Bd4+ Kg6 54. Rxf4 Rxe4 55. Rf6+ Kh5 56. Kd5 Re2 57. Ra6 Nf3 58. Bg7 a4 59. Rxh6+ Kg4 60. Ra6 Ra2 61. Kc4 Ng5 62. Kb4 Ne4 1/2-1/2

[Event "FRA-chT1B 0708"]
[Site "France"]
[Date "2008.03.16"]
[Round "9.6"]
[White "Ringuet, Claude"]
[Black "Lam, Sophie"]
[Result "0-1"]
[WhiteElo "1570"]
[BlackElo "2079"]
[PlyCount "74"]
[EventDate "2007.10.21"]
[EventType "team"]
[EventRounds "11"]
[EventCountry "FRA"]
[SourceTitle "EXT 2009"]
[Source "ChessBase"]
[SourceDate "2008.11.26"]
[SourceVersion "1"]
[SourceVersionDate "2008.11.26"]
[SourceQuality "1"]
[WhiteTeam "Avignon"]
[BlackTeam "Creteil"]
[WhiteTeamCountry "FRA"]
[BlackTeamCountry "FRA"]

1. e4 c5 2. Nf3 Nc6 3. g3 g6 4. d4 cxd4 5. Nxd4 Bg7 6. c3 Nf6 7. Bg2 0-0 8. 0-0 Qb6 9. Na3 d6 10. Nc4 Qc7 11. Nb5 Qd8 12. f3 Be6 13. Ne3 d5 14. Nd4 Nxd4 15. cxd4 Qb6 16. e5 Ne8 17. f4 Rd8 18. f5 gxf5 19. Nxf5 Bxf5 20. Rxf5 f6 21. Kh1 fxe5 22. Rxf8+ Kxf8 23. dxe5 Bxe5 24. Qh5 Bg7 25. Bxd5 e6 26. Qf3+ Kg8 27. Bxb7 Nd6 28. Be4 Nxe4 29. Qxe4 Rd1+ 30. Kg2 Qg1+ 31. Kh3 Qf1+ 32. Kh4 h5 33. Kxh5 Qh3+ 34. Qh4 Qf5+ 35. Qg5 Qf7+ 36. Kg4 Rd5 37. Qe3 Qf5+ 0-1

[Event "FRA-chT1B 0708"]
[Site "France"]
[Date "2007.12.16"]
[Round "5.8"]
[White "Lam, Sophie"]
[Black "Criqui, Laurence"]
[Result "1-0"]
[WhiteElo "2079"]
[BlackElo "1640"]
[PlyCount "129"]
[EventDate "2007.10.21"]
[EventType "team"]
[EventRounds "11"]
[EventCountry "FRA"]
[SourceTitle "EXT 2009"]
[Source "ChessBase"]
[SourceDate "2008.11.26"]
[SourceVersion "1"]
[SourceVersionDate "2008.11.26"]
[SourceQuality "1"]
[WhiteTeam "Creteil"]
[BlackTeam "Gambsheim"]
[WhiteTeamCountry "FRA"]
[BlackTeamCountry "FRA"]

1. e4 e5 2. Nf3 Nc6 3. Bb5 a6 4. Ba4 Nf6 5. 0-0 b5 6. Bb3 Be7 7. Re1 0-0 8. c3 d5 9. d4 Nxe4 10. dxe5 Be6 11. Be3 Na5 12. Bc2 Nc4 13. Bc1 Bf5 14. Nd4 Bc5 15. b3 Nxe5 16. Bxe4 Bxe4 17. f3 Bxb1 18. Rxb1 Qf6 19. Be3 Bd6 20. Qd2 c5 21. Ne2 h6 22. Ng3 Rad8 23. Rbd1 Be7 24. Qf2 c4 25. Bd4 Bd6 26. f4 Ng4 27. Bxf6 Nxf2 28. Kxf2 gxf6 29. Kf3 Ba3 30. Nf5 Kh7 31. Ne3 d4 32. cxd4 c3 33. Nc2 Bb2 34. Re7 Kg6 35. Rde1 Rd6 36. Ra7 h5 37. g3 Rfd8 38. Rae7 R8d7 39. Rxd7 Rxd7 40. Re8 Kg7 41. Ke2 Rd6 42. Kd3 f5 43. Re5 Kg6 44. Rc5 Kf6 45. Ne3 Rxd4+ 46. Kxd4 c2+ 47. Kd3 c1Q 48. Rxc1 Bxc1 49. Nd5+ Kg7 50. Nc7 h4 51. Nxa6 hxg3 52. hxg3 Kg6 53. Ke2 Bb2 54. Nc7 b4 55. Nd5 Ba3 56. Ne3 Bc1 57. Nc2 Kh5 58. Nxb4 Kg4 59. Kf2 Ba3 60. Nd3 f6 61. b4 Kh3 62. Kf3 Kh2 63. b5 Bd6 64. b6 Kh3 65. a4 1-0

[Event "FRA-chT Top 12 (Women)"]
[Site "Rennes"]
[Date "2007.05.13"]
[Round "4"]
[White "Choisy, Mathilde"]
[Black "Lam, Sophie"]
[Result "1-0"]
[WhiteElo "2100"]
[BlackElo "2064"]
[PlyCount "107"]
[EventDate "2007.05.11"]
[EventType "team"]
[EventRounds "5"]
[EventCountry "FRA"]
[SourceTitle "CBM 118 Extra"]
[Source "ChessBase"]
[SourceDate "2007.07.04"]
[SourceVersion "1"]
[SourceVersionDate "2007.07.04"]
[SourceQuality "1"]
[WhiteTeam "Bois Colombes"]
[BlackTeam "Creteil"]
[WhiteTeamCountry "FRA"]
[BlackTeamCountry "FRA"]

1. e4 c5 2. b3 Nc6 3. Bb2 Nf6 4. e5 Nd5 5. Nf3 e6 6. g3 Be7 7. Bg2 d6 8. exd6 Bf6 9. Qc1 Qxd6 10. Na3 a6 11. Nc4 Qc7 12. a4 b6 13. Bxf6 Nxf6 14. 0-0 Bb7 15. Qb2 Rd8 16. d3 0-0 17. Rfe1 Nd4 18. Ncd2 Nxf3+ 19. Nxf3 a5 20. Qe5 Qc8 21. Rad1 Rd7 22. Qe2 Bxf3 23. Bxf3 Rfd8 24. h4 Nd5 25. Bxd5 Rxd5 26. Qf3 Qc7 27. Re3 Qe7 28. Rde1 Qf6 29. Qe2 h6 30. Kg2 Rd4 31. Qf3 Qxf3+ 32. Kxf3 Kf8 33. h5 Ke7 34. Re4 R8d6 35. g4 f6 36. Kg3 Rxe4 37. Rxe4 Rd5 38. f4 Kd6 39. Re2 e5 40. Kf3 exf4 41. Kxf4 Rg5 42. Re8 f5 43. gxf5 Rxh5 44. Rd8+ Kc7 45. Rg8 Rg5 46. Ke5 Kd7 47. c3 h5 48. d4 cxd4 49. cxd4 h4 50. Rh8 g6 51. Rh7+ Kd8 52. Kd6 Ke8 53. f6 Rg4 54. d5 1-0

[Event "FRA-chT Top 16 GpA"]
[Site "France"]
[Date "2007.05.01"]
[Round "7"]
[White "Aflalo, Sophie"]
[Black "Lam, Sophie"]
[Result "1-0"]
[WhiteElo "1977"]
[BlackElo "2067"]
[PlyCount "153"]
[EventDate "2007.02.09"]
[EventType "team"]
[EventRounds "11"]
[EventCountry "FRA"]
[SourceTitle "CBM 118 Extra"]
[Source "ChessBase"]
[SourceDate "2007.07.04"]
[SourceVersion "1"]
[SourceVersionDate "2007.07.04"]
[SourceQuality "1"]
[WhiteTeam "Paris Chess Club"]
[BlackTeam "Creteil"]
[WhiteTeamCountry "FRA"]
[BlackTeamCountry "FRA"]

1. e4 c5 2. Nf3 Nc6 3. d4 cxd4 4. Nxd4 g6 5. Nxc6 dxc6 6. Qxd8+ Kxd8 7. Bc4 e6 8. 0-0 Bc5 9. Rd1+ Ke8 10. Bf4 Bd7 11. Nc3 b5 12. Bb3 f6 13. Bd6 Bb6 14. e5 f5 15. a4 Nh6 16. a5 Bd8 17. Rd3 Nf7 18. Rad1 Bxa5 19. Ne2 g5 20. Ng3 Rd8 21. Nh5 Nxd6 22. Rxd6 Ke7 23. Ng7 Bc7 24. Nxe6 Bxd6 25. exd6+ Kf6 26. Nxd8 Rxd8 27. Ra1 Ra8 28. Re1 a5 29. f3 Re8 30. Rd1 Be6 31. d7 Bxd7 32. Rxd7 a4 33. Ba2 Re1+ 34. Kf2 Ra1 35. Bg8 Rc1 36. Rd2 h6 37. Ke2 Rb1 38. c3 Ke5 39. Bf7 Ra1 40. Be8 a3 41. bxa3 Rxa3 42. Bxc6 Rxc3 43. Bxb5 Rc1 44. g3 Rh1 45. Kd3 h5 46. Bc6 Rc1 47. Re2+ Kd6 48. Be8 h4 49. g4 fxg4 50. fxg4 Rg1 51. Bh5 Rd1+ 52. Ke4 Rf1 53. Ke3 Ke5 54. Rf2 Rc1 55. Kf3 Ra1 56. Re2+ Kd4 57. Rd2+ Ke5 58. Bg6 Re1 59. Rf2 Ra1 60. Bd3 Kd4 61. Rd2 Kc3 62. Ke3 Re1+ 63. Be2 Rh1 64. Bf3 Re1+ 65. Re2 Ra1 66. Bc6 Ra6 67. Be4 Ra1 68. Rc2+ Kb4 69. Kd4 Rg1 70. Rg2 Rf1 71. Rb2+ Ka3 72. Rc2 Kb4 73. Rc3 Rf2 74. h3 Rd2+ 75. Rd3 Re2 76. Ke5 Re1 77. Kf5 1-0

[Event "FRA-chT Top 16 GpA"]
[Site "France"]
[Date "2007.02.11"]
[Round "3.8"]
[White "Alexieva, Silvia"]
[Black "Lam, Sophie"]
[Result "1-0"]
[WhiteElo "2389"]
[BlackElo "2067"]
[PlyCount "53"]
[EventDate "2007.02.09"]
[EventType "team"]
[EventRounds "11"]
[EventCountry "FRA"]
[SourceTitle "CBM 116 Extra"]
[Source "ChessBase"]
[SourceDate "2007.03.07"]
[SourceVersion "1"]
[SourceVersionDate "2007.03.07"]
[SourceQuality "1"]
[WhiteTeam "Gonfreville"]
[BlackTeam "Creteil"]
[WhiteTeamCountry "FRA"]
[BlackTeamCountry "FRA"]

1. e4 c5 2. Nf3 g6 3. c4 Bg7 4. d4 cxd4 5. Nxd4 Nf6 6. Nc3 0-0 7. Be2 Nc6 8. Nc2 d6 9. 0-0 Bd7 10. Ne3 Rc8 11. Kh1 Be6 12. f3 Na5 13. Ncd5 Nc6 14. b3 Bxd5 15. exd5 Ne5 16. Bb2 Ned7 17. f4 Qc7 18. f5 Ne4 19. Bxg7 Kxg7 20. Qd4+ Nef6 21. Rf3 Ne5 22. Rh3 Qc5 23. Qh4 a5 24. Rf1 Kh8 25. fxg6 Nxg6 26. Qh6 Rg8 27. Rxf6 1-0

[Event "FRA-ch U20 Girls"]
[Site "Aix les Bains"]
[Date "2006.04.??"]
[Round "5"]
[White "Bermond, Stephanie"]
[Black "Lam, Sophie"]
[Result "0-1"]
[WhiteElo "1939"]
[BlackElo "2049"]
[PlyCount "96"]
[EventDate "2006.04.??"]
[EventType "tourn"]
[EventRounds "9"]
[EventCountry "FRA"]
[SourceTitle "EXT 2007"]
[Source "ChessBase"]
[SourceDate "2006.11.23"]
[SourceVersion "1"]
[SourceVersionDate "2006.11.23"]
[SourceQuality "1"]

1. Nf3 Nf6 2. g3 g6 3. Bg2 Bg7 4. 0-0 0-0 5. c4 c5 6. Nc3 Nc6 7. d4 cxd4 8. Nxd4 Qa5 9. Ncb5 Nxd4 10. Nxd4 d6 11. Nb5 a6 12. Bd2 Qd8 13. Nc3 Rb8 14. a4 Be6 15. b3 Qd7 16. Rc1 Bh3 17. Bf4 Bxg2 18. Kxg2 Rbc8 19. Qd2 Rc5 20. Bg5 Qc6+ 21. Kg1 Ne4 22. Nxe4 Qxe4 23. Rfd1 Re8 24. Be3 Rc7 25. Qd5 Qxd5 26. Rxd5 Rec8 27. Rcd1 h6 28. Kg2 Kh7 29. Bb6 Rc6 30. Be3 Bf6 31. Bf4 Kg7 32. Be3 g5 33. Bd4 Bxd4 34. R5xd4 Rb6 35. R1d3 Kf6 36. Rf3+ Ke6 37. Rdd3 f6 38. Rd1 Rc5 39. Rfd3 a5 40. Kf3 h5 41. h3 Rb4 42. h4 g4+ 43. Kg2 f5 44. f3 gxf3+ 45. exf3 Rb6 46. Kh3 Kf6 47. f4 Rc8 48. Kg2 Rcc6 0-1